000 01119cam a2200313 a 4500
999 _c330170
_d330170
001 4854575
003 NUST
005 20170612121045.0
008 930211s1993 nyua b 001 0 eng
010 _a 91067492
020 _a0879015004
040 _aDLC
_cDLC
_dDLC
050 0 0 _aQP514.2
_b.L425 1993
082 0 0 _a572 LEH
_220
100 1 _aLehninger, Albert L.
_92454
245 1 0 _aPrinciples of biochemistry /
_cAlbert L. Lehninger, David L. Nelson, Michael M. Cox.
250 _a2nd ed.
260 _aIndia :
_bCBS Publishers,
_cc1993.
300 _axli, 1013, [77] p. :
_bill. (some col.) ;
_c29 cm.
500 _aP.B
504 _aIncludes bibliographical references and index.
650 0 _aBiochemistry.
_92455
700 1 _aNelson, David L.
_q(David Lee),
_d1942-
_92456
700 1 _aCox, Michael M.
_92457
906 _a7
_bcbc
_corignew
_d3
_eopcn
_f19
_gy-gencatlg
942 _2ddc
_cBK
_k572 LEH